[Event "2. Bundesliga West 2005/2006"]
[Site "AUT"]
[Date "2006.01.21"]
[Round "7"]
[White "Mroz, Thomas"]
[Black "Fuchs, Georg"]
[Result "0-1"]
[WhiteElo "2135"]
[BlackElo "2237"]
[PlyCount "118"]
[EventDate "2005.10.??"]
[EventType "team"]
[EventRounds "11"]
[EventCountry "AUT"]
[WhiteTeam "Inter Salzburg VIII"]
[BlackTeam "Innsbruck Rochade III"]
[WhiteTeamCountry "AUT"]
[BlackTeamCountry "AUT"]

1. d4 Nf6 2. Nf3 e6 3. Bg5 c5 4. c3 d5 5. e3 Be7 6. Bd3 O-O 7. O-O c4 8. Bc2
Qb6 9. Qc1 a5 10. Nbd2 Nc6 11. e4 Ne8 12. Bxe7 Nxe7 13. e5 f6 14. exf6 gxf6 15.
Re1 Bd7 16. Nf1 Rf7 17. Ng3 Qd6 18. Qh6 b5 19. Nh5 Nc6 20. h3 Qf8 21. Qxf8+
Kxf8 22. Nf4 Nc7 23. Re3 Ke7 24. Rae1 Kd6 25. Nh5 Raf8 26. Ng3 e5 27. dxe5+
fxe5 28. Nxe5 Nxe5 29. Rxe5 Rxf2 30. R5e2 Rxe2 31. Nxe2 h6 32. Nd4 b4 33. Rf1
Rxf1+ 34. Kxf1 Na6 35. Bf5 Bxf5 36. Nxf5+ Ke5 37. Nxh6 d4 38. Ng4+ Ke4 39. cxd4
Kd3 40. Ne5+ Kxd4 41. Nc6+ Kd3 42. Nxa5 c3 43. bxc3 bxc3 44. Nb3 c2 45. h4 Ke3
46. h5 Nc5 47. Nc1 Kd2 48. h6 Kxc1 49. h7 Kd2 50. h8=Q c1=Q+ 51. Kf2 Nd3+ 52.
Kf3 Qc6+ 53. Kg4 Qe4+ 54. Kh5 Nf4+ 55. Kg5 Ne6+ 56. Kh5 Qf5+ 57. Kh6 Qg5+ 58.
Kh7 Qh5+ 59. Kg8 Qg5+ 0-1

[Event "2. Bundesliga West 2005/2006"]
[Site "AUT"]
[Date "2006.01.21"]
[Round "7"]
[White "Eiler, Gebhard"]
[Black "Peterwagner, Heinz"]
[Result "1/2-1/2"]
[WhiteElo "2096"]
[BlackElo "2216"]
[PlyCount "30"]
[EventDate "2005.10.??"]
[EventType "team"]
[EventRounds "11"]
[EventCountry "AUT"]
[WhiteTeam "Lochau XII"]
[BlackTeam "Mozart 1910 VI"]
[WhiteTeamCountry "AUT"]
[BlackTeamCountry "AUT"]

1. d4 c5 2. d5 e5 3. e4 d6 4. Bd3 Nf6 5. Nc3 Be7 6. Nge2 O-O 7. Ng3 Re8 8. O-O
a6 9. a4 Nbd7 10. Nf5 Nf8 11. Qf3 Ng6 12. g3 Bf8 13. Bg5 Be7 14. Bd2 Bf8 15.
Bg5 Be7 1/2-1/2

[Event "2. Bundesliga West 2005/2006"]
[Site "AUT"]
[Date "2006.01.21"]
[Round "7"]
[White "Hamberger, Hermann"]
[Black "Ladner, Peter"]
[Result "1/2-1/2"]
[WhiteElo "2129"]
[BlackElo "2038"]
[PlyCount "32"]
[EventDate "2005.10.??"]
[EventType "team"]
[EventRounds "11"]
[EventCountry "AUT"]
[WhiteTeam "Mozart 1910 VI"]
[BlackTeam "Lochau XII"]
[WhiteTeamCountry "AUT"]
[BlackTeamCountry "AUT"]

1. e4 c6 2. d4 d5 3. exd5 cxd5 4. Bd3 g6 5. Nf3 Bg7 6. c3 Nf6 7. O-O O-O 8. Bf4
b6 9. Re1 Ba6 10. Bxa6 Nxa6 11. Qe2 Qc8 12. Qxe7 Re8 13. Qa3 Rxe1+ 14. Nxe1 Qg4
15. Qxa6 Qxf4 16. Nd3 Qg5 1/2-1/2

[Event "2. Bundesliga West 2005/2006"]
[Site "AUT"]
[Date "2006.01.21"]
[Round "7"]
[White "Opl, Klaus"]
[Black "Novkovic, Julia"]
[Result "0-1"]
[WhiteElo "2333"]
[BlackElo "2145"]
[PlyCount "126"]
[EventDate "2005.10.??"]
[EventType "team"]
[EventRounds "11"]
[EventCountry "AUT"]
[WhiteTeam "Mozart 1910 VI"]
[BlackTeam "Lochau XII"]
[WhiteTeamCountry "AUT"]
[BlackTeamCountry "AUT"]

1. e4 e5 2. Nc3 Nf6 3. f4 d5 4. fxe5 Nxe4 5. d3 Nxc3 6. bxc3 d4 7. Nf3 Nc6 8.
Be2 Be7 9. O-O O-O 10. Qe1 f6 11. exf6 Bxf6 12. c4 Bf5 13. Rb1 Qc8 14. Bf4 Re8
15. Qf2 Nd8 16. Rbe1 Ne6 17. Be5 Bxe5 18. Nxe5 Rf8 19. Qg3 c6 20. Bg4 Nc5 21.
Rxf5 Rxf5 22. Qh3 Rxe5 23. Rxe5 Qf8 24. Qf3 Qd6 25. Qe2 Rf8 26. g3 b6 27. Bh3
Qh6 28. Bg4 Qd6 29. Kg2 g6 30. Bf3 Kg7 31. Re7+ Rf7 32. Re8 a5 33. Qe5+ Qxe5
34. Rxe5 Kf6 35. Re8 Rc7 36. Rd8 Ke5 37. Rb8 Na4 38. h4 Kd6 39. a3 Kc5 40. Re8
Nc3 41. h5 a4 42. Re5+ Kd6 43. Rg5 Rg7 44. Be4 Nb1 45. h6 Rg8 46. Rg4 Nxa3 47.
Bxg6 hxg6 48. Rxd4+ Kc5 49. c3 Rh8 50. Rh4 Nc2 51. d4+ Kxc4 52. d5+ Kb3 53.
dxc6 a3 54. c7 a2 55. Rh1 Ne3+ 56. Kf3 Nd5 57. Kg4 Nxc3 58. Ra1 Nd5 59. Kg5
Nxc7 60. Kxg6 Rxh6+ 61. Kxh6 Kb2 62. Rxa2+ Kxa2 63. g4 b5 0-1

[Event "2. Bundesliga West 2005/2006"]
[Site "AUT"]
[Date "2006.01.21"]
[Round "7"]
[White "Blaskowski, Johannes"]
[Black "Doskocil, Klaus"]
[Result "1-0"]
[WhiteElo "2366"]
[BlackElo "2196"]
[PlyCount "59"]
[EventDate "2005.10.??"]
[EventType "team"]
[EventRounds "11"]
[EventCountry "AUT"]
[WhiteTeam "Woergl IV"]
[BlackTeam "Lustenau VII"]
[WhiteTeamCountry "AUT"]
[BlackTeamCountry "AUT"]

1. e4 c5 2. Nf3 Nc6 3. d4 cxd4 4. Nxd4 Nf6 5. Nc3 e5 6. Ndb5 d6 7. Bg5 a6 8.
Na3 b5 9. Bxf6 gxf6 10. Nd5 Bg7 11. Bd3 Ne7 12. Nxe7 Qxe7 13. c3 f5 14. Nc2 O-O
15. O-O d5 16. exf5 e4 17. Be2 Qe5 18. a4 bxa4 19. Rxa4 Bxf5 20. Rxa6 Rxa6 21.
Bxa6 Qd6 22. Ne3 Be6 23. Bb7 Rd8 24. Qh5 Qb6 25. Bxd5 Bxd5 26. Nxd5 Qxb2 27.
Qg5 Rd6 28. Ne7+ Kh8 29. Nf5 Bf6 30. Qh6 1-0

[Event "2. Bundesliga West 2005/2006"]
[Site "AUT"]
[Date "2006.01.21"]
[Round "7"]
[White "Froewis, Georg"]
[Black "Eybl, Alexander"]
[Result "1/2-1/2"]
[WhiteElo "2124"]
[BlackElo "2260"]
[PlyCount "79"]
[EventDate "2005.10.??"]
[EventType "team"]
[EventRounds "11"]
[EventCountry "AUT"]
[WhiteTeam "Lustenau VII"]
[BlackTeam "Woergl IV"]
[WhiteTeamCountry "AUT"]
[BlackTeamCountry "AUT"]

1. e4 g6 2. d4 Bg7 3. c3 d6 4. f4 Nd7 5. Nf3 e6 6. Bd3 Ne7 7. O-O O-O 8. Nbd2
c5 9. Nc4 cxd4 10. Nxd4 Nc5 11. Bc2 Nxe4 12. Bxe4 d5 13. Bd3 dxc4 14. Bxc4 b6
15. Be3 Nd5 16. Nc6 Nxe3 17. Nxd8 Nxd1 18. Raxd1 Bf6 19. Nc6 Bb7 20. Ne5 Rfd8
21. Bb3 Be7 22. Rxd8+ Rxd8 23. Rd1 Bc5+ 24. Kf1 Ba6+ 25. Ke1 Rxd1+ 26. Bxd1 Bg1
27. g3 h5 28. h4 Bb5 29. Be2 Be8 30. Bf3 f6 31. Nc6 a5 32. b4 Bxc6 33. Bxc6
axb4 34. cxb4 Bd4 35. Be8 Bc3+ 36. Ke2 Kg7 37. a3 Bb2 38. a4 Bc3 39. b5 f5 40.
Ke3 1/2-1/2

[Event "2. Bundesliga West 2005/2006"]
[Site "AUT"]
[Date "2006.01.21"]
[Round "7"]
[White "Ginsburg, Gennadij"]
[Black "Halasz, Tamas"]
[Result "1-0"]
[WhiteElo "2513"]
[BlackElo "2376"]
[PlyCount "69"]
[EventDate "2005.10.??"]
[EventType "team"]
[EventRounds "11"]
[EventCountry "AUT"]
[WhiteTeam "Lustenau VII"]
[BlackTeam "Woergl IV"]
[WhiteTeamCountry "AUT"]
[BlackTeamCountry "AUT"]

1. e4 e5 2. Nf3 Nf6 3. Nc3 Nc6 4. Bb5 Nd4 5. Ba4 Bc5 6. Nxe5 O-O 7. Nd3 Bb6 8.
e5 Ne8 9. Nd5 d6 10. Ne3 dxe5 11. Nxe5 Qg5 12. N5c4 f5 13. h4 Qe7 14. c3 f4 15.
Nxb6 fxe3 16. dxe3 Nf3+ 17. gxf3 axb6 18. Bc2 Nd6 19. e4 Be6 20. e5 Nf5 21. f4
Rxa2 22. Rxa2 Bxa2 23. b3 Qe6 24. Rg1 Nxh4 25. Qg4 Qxg4 26. Rxg4 Nf5 27. Be3 c5
28. c4 h5 29. Rg5 Nd4 30. Bxd4 cxd4 31. f5 d3 32. Bd1 h4 33. f6 Rf7 34. Bh5 Rd7
35. Kd2 1-0

[Event "2. Bundesliga West 2005/2006"]
[Site "AUT"]
[Date "2006.01.21"]
[Round "7"]
[White "Hugentobler, Patrick"]
[Black "Neuschmied, Siegfried"]
[Result "0-1"]
[WhiteElo "2234"]
[BlackElo "2251"]
[PlyCount "114"]
[EventDate "2005.10.??"]
[EventType "team"]
[EventRounds "11"]
[EventCountry "AUT"]
[WhiteTeam "Lustenau VII"]
[BlackTeam "Woergl IV"]
[WhiteTeamCountry "AUT"]
[BlackTeamCountry "AUT"]

1. e4 d6 2. d4 Nf6 3. Nc3 g6 4. Bg5 h6 5. Bf4 Bg7 6. Qd2 g5 7. Bg3 Nh5 8. Nge2
Nc6 9. d5 Ne5 10. Nd4 c5 11. Bb5+ Kf8 12. Nf5 Bxf5 13. exf5 Qc8 14. Bd3 Nxd3+
15. Qxd3 c4 16. Qf3 Nxg3 17. hxg3 Qc5 18. O-O-O Qa5 19. Kb1 Rc8 20. Rhe1 b5 21.
Qe3 Bf6 22. Ne4 Kg7 23. Nxf6 exf6 24. c3 b4 25. Rd4 Rhe8 26. Qd2 bxc3 27. bxc3
Rb8+ 28. Ka1 Qb5 29. Rc1 Rb6 30. Qc2 Reb8 31. Rdd1 Qa5 32. Rb1 Rxb1+ 33. Rxb1
Rxb1+ 34. Kxb1 Qxd5 35. f3 h5 36. Kc1 Qe5 37. g4 hxg4 38. fxg4 Qf4+ 39. Kb2
Qxg4 40. Qf2 a6 41. g3 Qe4 42. Qd2 d5 43. g4 Qxg4 44. Qxd5 Qe2+ 45. Ka3 g4 46.
Qd4 a5 47. Qf4 Qf3 48. Qxc4 g3 49. Qd4 Qf2 50. Qg4+ Kf8 51. Qh4 Qc5+ 52. Kb3 g2
53. Qxf6 g1=Q 54. Qd8+ Kg7 55. f6+ Kg6 56. Qg8+ Kxf6 57. Qh8+ Ke7 0-1

[Event "2. Bundesliga West 2005/2006"]
[Site "AUT"]
[Date "2006.01.21"]
[Round "7"]
[White "Mittelberger, Peter"]
[Black "Mrsic, Robert"]
[Result "0-1"]
[WhiteElo "2235"]
[BlackElo "2135"]
[PlyCount "52"]
[EventDate "2005.10.??"]
[EventType "team"]
[EventRounds "11"]
[EventCountry "AUT"]
[WhiteTeam "Woergl IV"]
[BlackTeam "Lustenau VII"]
[WhiteTeamCountry "AUT"]
[BlackTeamCountry "AUT"]

1. e4 e6 2. d4 d5 3. Nc3 dxe4 4. Nxe4 Qd5 5. Nc3 Bb4 6. Nf3 Nf6 7. Bd2 Bxc3 8.
bxc3 c5 9. Bb5+ Nc6 10. Qe2 O-O 11. Qd3 Rd8 12. Bg5 cxd4 13. Bxc6 bxc6 14. cxd4
Qa5+ 15. Bd2 Qa4 16. Qb3 Qa6 17. c4 c5 18. dxc5 Ne4 19. Bb4 Rb8 20. O-O Nxc5
21. Qa3 Nd3 22. Ba5 Rd7 23. Qc3 Bb7 24. Nd4 Nf4 25. Qe3 Rxd4 26. Bc7 Qc6 0-1

[Event "2. Bundesliga West 2005/2006"]
[Site "AUT"]
[Date "2006.01.22"]
[Round "8"]
[White "Ginsburg, Gennadij"]
[Black "Juergens, Klaus"]
[Result "1-0"]
[WhiteElo "2513"]
[BlackElo "2183"]
[PlyCount "53"]
[EventDate "2005.10.??"]
[EventType "team"]
[EventRounds "11"]
[EventCountry "AUT"]
[WhiteTeam "Lustenau VII"]
[BlackTeam "ASK Salzburg XI"]
[WhiteTeamCountry "AUT"]
[BlackTeamCountry "AUT"]

1. e4 c5 2. Nf3 Nc6 3. d4 cxd4 4. Nxd4 g6 5. c4 Bg7 6. Be3 Nf6 7. Nc3 Ng4 8.
Qxg4 Nxd4 9. Qd1 e5 10. Qd2 O-O 11. Nb5 Qe7 12. Be2 d6 13. Nxd4 exd4 14. Bxd4
Qxe4 15. Bxg7 Kxg7 16. O-O Be6 17. b3 Qc6 18. Bf3 Qb6 19. Rad1 Rfd8 20. h4 h5
21. Rfe1 Rd7 22. Qc3+ Kg8 23. Qf6 Re8 24. Bxh5 gxh5 25. Rd5 Qd8 26. Rg5+ Kf8
27. Qh6+ 1-0

[Event "2. Bundesliga West 2005/2006"]
[Site "AUT"]
[Date "2006.01.22"]
[Round "8"]
[White "Loeffler, Christoph"]
[Black "Doskocil, Klaus"]
[Result "0-1"]
[WhiteElo "2177"]
[BlackElo "2196"]
[PlyCount "78"]
[EventDate "2005.10.??"]
[EventType "team"]
[EventRounds "11"]
[EventCountry "AUT"]
[WhiteTeam "ASK Salzburg XI"]
[BlackTeam "Lustenau VII"]
[WhiteTeamCountry "AUT"]
[BlackTeamCountry "AUT"]

1. e4 g6 2. d4 Bg7 3. Nc3 c6 4. g3 d5 5. e5 Nh6 6. h4 f6 7. Bxh6 Bxh6 8. h5
fxe5 9. g4 g5 10. f3 exd4 11. Qxd4 O-O 12. Qd2 e5 13. O-O-O Qf6 14. Kb1 Be6 15.
Bd3 Nd7 16. Re1 b5 17. Qh2 a5 18. Nge2 Nc5 19. Nc1 Bg7 20. h6 Bh8 21. Qg1 Qe7
22. Rh3 b4 23. Nd1 a4 24. Ne3 Qf6 25. Nd1 Ra5 26. Qe3 Bf7 27. Bf5 a3 28. Nd3
Nxd3 29. Qxd3 Bg6 30. Rg1 axb2 31. Ne3 Rfa8 32. Qb3 Ra3 33. Nxd5 cxd5 34. Qxd5+
Bf7 35. Qe4 Rxa2 36. Bxh7+ Kf8 37. Qxb4+ Qe7 38. Qxe7+ Kxe7 39. Be4 Rb8 0-1

[Event "2. Bundesliga West 2005/2006"]
[Site "AUT"]
[Date "2006.01.22"]
[Round "8"]
[White "Scheiblmaier, Robert"]
[Black "Mrsic, Robert"]
[Result "1-0"]
[WhiteElo "2159"]
[BlackElo "2135"]
[PlyCount "74"]
[EventDate "2005.10.??"]
[EventType "team"]
[EventRounds "11"]
[EventCountry "AUT"]
[WhiteTeam "ASK Salzburg XI"]
[BlackTeam "Lustenau VII"]
[WhiteTeamCountry "AUT"]
[BlackTeamCountry "AUT"]

1. d4 Nf6 2. c4 e6 3. g3 Bb4+ 4. Nd2 O-O 5. Bg2 d5 6. Ngf3 c6 7. O-O b6 8. a3
Be7 9. Qc2 Ba6 10. b3 Nbd7 11. e4 dxe4 12. Nxe4 Bb7 13. Rd1 Qc8 14. Nxf6+ Nxf6
15. Bb2 Rd8 16. Ng5 h6 17. Ne4 Nxe4 18. Bxe4 Bf6 19. c5 Rd7 20. Rd2 Qc7 21.
Rad1 Bg5 22. f4 Bf6 23. Bg2 Rad8 24. b4 a5 25. bxa5 bxa5 26. Qa4 Be7 27. Bc3
Ra8 28. Rb2 g5 29. Rxb7 Qxb7 30. Bxc6 Qc7 31. Bxa8 Bxc5 32. dxc5 Qxc5+ 33. Bd4
Qd6 34. Bf3 Qc7 35. fxg5 hxg5 36. Qb5 Qd8 37. Qxg5+ Kh7 1-0

[Event "2. Bundesliga West 2005/2006"]
[Site "AUT"]
[Date "2006.01.22"]
[Round "8"]
[White "Duer, Werner"]
[Black "Kratochwil, Christian"]
[Result "1/2-1/2"]
[WhiteElo "2249"]
[BlackElo "2259"]
[PlyCount "61"]
[EventDate "2005.10.??"]
[EventType "team"]
[EventRounds "11"]
[EventCountry "AUT"]
[WhiteTeam "Absam"]
[BlackTeam "Innsbruck Rochade III"]
[WhiteTeamCountry "AUT"]
[BlackTeamCountry "AUT"]

1. d4 Nf6 2. Nf3 c5 3. e3 e6 4. c4 b6 5. Nc3 Bb7 6. Bd3 Be7 7. O-O O-O 8. d5
exd5 9. cxd5 d6 10. e4 Na6 11. Re1 Nc7 12. h3 a6 13. a4 Rb8 14. Bf4 b5 15. axb5
axb5 16. Bxb5 Nxb5 17. Nxb5 Bxd5 18. exd5 Rxb5 19. Ra7 Re8 20. Qe2 Rb4 21. Rxe7
Rxe7 22. Qxe7 Qxe7 23. Rxe7 Rxf4 24. Ra7 h6 25. Ra8+ Kh7 26. Rd8 Ne4 27. Re8
Kg6 28. Kf1 Kf6 29. Ke2 Ng5 30. Ke3 Rb4 31. Nd2 1/2-1/2

[Event "2. Bundesliga West 2005/2006"]
[Site "AUT"]
[Date "2006.01.22"]
[Round "8"]
[White "Heinzel, Olaf"]
[Black "Dizdar, Goran"]
[Result "1/2-1/2"]
[WhiteElo "2401"]
[BlackElo "2542"]
[PlyCount "36"]
[EventDate "2005.10.??"]
[EventType "team"]
[EventRounds "11"]
[EventCountry "AUT"]
[WhiteTeam "Innsbruck Rochade III"]
[BlackTeam "Absam"]
[WhiteTeamCountry "AUT"]
[BlackTeamCountry "AUT"]

1. d4 d5 2. c4 e6 3. Nc3 Bb4 4. e3 Nf6 5. a3 Bxc3+ 6. bxc3 O-O 7. Bd3 dxc4 8.
Bxc4 c5 9. Ne2 Nc6 10. O-O e5 11. Bb5 Qc7 12. d5 Na5 13. Ng3 Ne8 14. e4 Nd6 15.
Bd3 Bd7 16. f4 f6 17. Rb1 Nac4 18. fxe5 fxe5 1/2-1/2

[Event "2. Bundesliga West 2005/2006"]
[Site "AUT"]
[Date "2006.01.22"]
[Round "8"]
[White "Muehlbacher, Bernhard"]
[Black "Gerhold, Michael"]
[Result "0-1"]
[WhiteElo "2116"]
[BlackElo "2209"]
[PlyCount "108"]
[EventDate "2005.10.??"]
[EventType "team"]
[EventRounds "11"]
[EventCountry "AUT"]
[WhiteTeam "Innsbruck Rochade III"]
[BlackTeam "Absam"]
[WhiteTeamCountry "AUT"]
[BlackTeamCountry "AUT"]

1. e4 c5 2. Nc3 Nc6 3. g3 g6 4. Bg2 Bg7 5. Nge2 d6 6. O-O h5 7. h4 e5 8. d3 Be6
9. Nd5 Qd7 10. c3 O-O-O 11. Be3 Bh6 12. Qd2 Bxe3 13. Qxe3 Nh6 14. b4 Ng4 15.
Qc1 Kb8 16. f3 Nh6 17. b5 Bxd5 18. bxc6 Bxc6 19. c4 f6 20. Kf2 Rdf8 21. Ke1 f5
22. a4 Nf7 23. Bh3 Nd8 24. Ra2 Ne6 25. a5 Qe7 26. Rf2 Rf6 27. Rb2 Rhf8 28. Ng1
Nd4 29. Bg2 Qf7 30. Nh3 fxe4 31. Ng5 Qc7 32. dxe4 Qxa5+ 33. Kf1 Qc7 34. Kg1 Qe7
35. f4 a6 36. Qe3 Ka7 37. Qc1 exf4 38. gxf4 Ne6 39. e5 dxe5 40. Bxc6 bxc6 41.
Nxe6 Rxe6 42. fxe5 Rxf2 43. Rxf2 Rxe5 44. Qc3 Re1+ 45. Kg2 Qe4+ 46. Qf3 Qxf3+
47. Rxf3 Re4 48. Kh3 Rxc4 49. Rf6 Kb6 50. Rxg6 Rd4 51. Rg5 Rd5 52. Kg3 c4 53.
Kf3 Kc5 54. Ke3 Rxg5 0-1

[Event "2. Bundesliga West 2005/2006"]
[Site "AUT"]
[Date "2006.01.22"]
[Round "8"]
[White "Teske, Henrik"]
[Black "Deglmann, Ludwig"]
[Result "1/2-1/2"]
[WhiteElo "2487"]
[BlackElo "2378"]
[PlyCount "57"]
[EventDate "2005.10.??"]
[EventType "team"]
[EventRounds "11"]
[EventCountry "AUT"]
[WhiteTeam "Absam"]
[BlackTeam "Innsbruck Rochade III"]
[WhiteTeamCountry "AUT"]
[BlackTeamCountry "AUT"]

1. d4 d5 2. c4 c6 3. Nf3 Nf6 4. Nc3 a6 5. h3 b5 6. cxd5 cxd5 7. Bf4 Nbd7 8. e3
e6 9. Bd3 Bb7 10. O-O Be7 11. Qe2 O-O 12. Rfc1 Ne4 13. Nd2 Nd6 14. a4 b4 15.
Nd1 a5 16. Nb3 Qb6 17. Nc5 Bc6 18. Qc2 Rfc8 19. Bxh7+ Kh8 20. Bd3 Nf6 21. b3
Nde4 22. Bxe4 dxe4 23. Nb2 Bd5 24. Nc4 Qd8 25. Ne5 Kg8 26. Qb2 Bxc5 27. dxc5
Ne8 28. Rc2 f6 29. Nc4 1/2-1/2

[Event "2. Bundesliga West 2005/2006"]
[Site "AUT"]
[Date "2006.01.22"]
[Round "8"]
[White "Ager, Josef"]
[Black "Herbrechtsmeier, Christof"]
[Result "1-0"]
[WhiteElo "2246"]
[BlackElo "2286"]
[PlyCount "62"]
[EventDate "2005.10.??"]
[EventType "team"]
[EventRounds "11"]
[EventCountry "AUT"]
[WhiteTeam "Ranshofen IX"]
[BlackTeam "Bregenz X"]
[WhiteTeamCountry "AUT"]
[BlackTeamCountry "AUT"]

1. d4 Nf6 2. c4 g6 3. Nc3 d5 4. cxd5 Nxd5 5. Bd2 Nb6 6. Nf3 Bg7 7. Bg5 h6 8.
Bh4 Nc6 9. e3 O-O 10. Be2 Be6 11. Rc1 Nb4 12. a3 N4d5 13. Ne4 Nd7 14. Bc4 c6
15. h3 Qa5+ 16. Qd2 Qxd2+ 17. Nexd2 g5 18. Bg3 f5 19. Bh2 c5 20. dxc5 Bxb2 21.
Rc2 Bxa3 22. Nd4 Bf7 23. Nxf5 Kh7 24. e4 Nb4 25. Rc3 Bb2 26. Rb3 Nxc5 27. Rxb4
Bc3 28. Rb5 Nxe4 29. Bd3 Rfd8 30. Nd6 Bxd2+ 31. Ke2 Kg8 1-0

[Event "2. Bundesliga West 2005/2006"]
[Site "AUT"]
[Date "2006.01.22"]
[Round "8"]
[White "Dovzik, Juri"]
[Black "Volke, Karsten"]
[Result "1/2-1/2"]
[WhiteElo "2405"]
[BlackElo "2473"]
[PlyCount "40"]
[EventDate "2005.10.??"]
[EventType "team"]
[EventRounds "11"]
[EventCountry "AUT"]
[WhiteTeam "Ranshofen IX"]
[BlackTeam "Bregenz X"]
[WhiteTeamCountry "AUT"]
[BlackTeamCountry "AUT"]

1. d4 Nf6 2. c4 e6 3. g3 c5 4. d5 exd5 5. cxd5 b5 6. a4 b4 7. Bg2 d6 8. e4 Nbd7
9. Ne2 g6 10. b3 Bg7 11. Bb2 O-O 12. O-O Re8 13. Qc2 Ba6 14. Re1 Ne5 15. Bxe5
Rxe5 16. Nd2 Re7 17. Nc4 Bxc4 18. Qxc4 Qe8 19. f3 Qd7 20. Rad1 h5 1/2-1/2

[Event "2. Bundesliga West 2005/2006"]
[Site "AUT"]
[Date "2006.01.22"]
[Round "8"]
[White "Heilinger, Dietmar"]
[Black "Doppelhammer, Herbert"]
[Result "1/2-1/2"]
[WhiteElo "2146"]
[BlackElo "2075"]
[PlyCount "34"]
[EventDate "2005.10.??"]
[EventType "team"]
[EventRounds "11"]
[EventCountry "AUT"]
[WhiteTeam "Bregenz X"]
[BlackTeam "Ranshofen IX"]
[WhiteTeamCountry "AUT"]
[BlackTeamCountry "AUT"]

1. c4 e6 2. d4 d5 3. cxd5 exd5 4. Nc3 Nf6 5. Bg5 Be7 6. Qc2 Nbd7 7. e3 O-O 8.
Bd3 c6 9. Nge2 Re8 10. O-O Nf8 11. Ng3 Ng4 12. Bxe7 Qxe7 13. h3 Nf6 14. Rab1 g6
15. b4 Bd7 16. Rfc1 Rac8 17. a4 Ne6 1/2-1/2

[Event "2. Bundesliga West 2005/2006"]
[Site "AUT"]
[Date "2006.01.22"]
[Round "8"]
[White "Mira, Helene"]
[Black "Maierhofer, Johann"]
[Result "1-0"]
[WhiteElo "2150"]
[BlackElo "2166"]
[PlyCount "104"]
[EventDate "2005.10.??"]
[EventType "team"]
[EventRounds "11"]
[EventCountry "AUT"]
[WhiteTeam "Bregenz X"]
[BlackTeam "Ranshofen IX"]
[WhiteTeamCountry "AUT"]
[BlackTeamCountry "AUT"]

1. Nf3 c5 2. c4 Nc6 3. d4 cxd4 4. Nxd4 Nf6 5. Nc3 g6 6. g3 Bg7 7. Bg2 O-O 8.
Nc2 d6 9. O-O Be6 10. b3 Qd7 11. Re1 Rfd8 12. e4 Rac8 13. Bb2 Bh3 14. Bh1 Ne8
15. Rb1 h5 16. Nd5 h4 17. Bxg7 Nxg7 18. Qd2 hxg3 19. hxg3 Nh5 20. Qh6 Ne5 21.
Nce3 Ng4 22. Nxg4 Bxg4 23. Qg5 Kf8 24. Nxe7 Qxe7 25. Qxg4 Nf6 26. Qf4 Rc5 27.
Rbd1 Kg7 28. Bf3 Re5 29. Kg2 Rh8 30. Rh1 Nh5 31. Bxh5 gxh5 32. Qd2 Rh6 33. Qd4
Kg8 34. Rh4 Rg6 35. Rdh1 Rh6 36. Qxa7 Rxe4 37. Qb8+ Kg7 38. Rxh5 Ree6 39. Rxh6
Rxh6 40. Rxh6 Kxh6 41. Qh8+ Kg6 42. Qd4 f6 43. Kf3 Qc7 44. b4 Kg7 45. g4 Qc6+
46. Qd5 Qa6 47. a4 Qxa4 48. Qxb7+ Kg6 49. Qe4+ Kf7 50. b5 Qb3+ 51. Kg2 Qb4 52.
Qc6 Qd2 1-0

[Event "2. Bundesliga West 2005/2006"]
[Site "AUT"]
[Date "2006.01.22"]
[Round "8"]
[White "Poettinger, Harald"]
[Black "Webersberger, Johann"]
[Result "1/2-1/2"]
[WhiteElo "2254"]
[BlackElo "2258"]
[PlyCount "63"]
[EventDate "2005.10.??"]
[EventType "team"]
[EventRounds "11"]
[EventCountry "AUT"]
[WhiteTeam "Bregenz X"]
[BlackTeam "Ranshofen IX"]
[WhiteTeamCountry "AUT"]
[BlackTeamCountry "AUT"]

1. e4 g6 2. d4 Bg7 3. c4 d6 4. Nc3 Nf6 5. Nf3 O-O 6. h3 c5 7. d5 e5 8. Bg5 h6
9. Be3 Na6 10. a3 Ne8 11. g4 f5 12. gxf5 gxf5 13. exf5 Bxf5 14. Nd2 Qh4 15. Qf3
e4 16. Qg3 Qxg3 17. fxg3 Bxc3 18. bxc3 Kg7 19. Bg2 Nac7 20. a4 Nf6 21. O-O Bg6
22. Rfe1 Rad8 23. Re2 b6 24. Nf1 a6 25. Rb2 b5 26. axb5 axb5 27. Ra7 Rf7 28.
cxb5 Ncxd5 29. b6 Rb8 30. Rxf7+ Kxf7 31. Bxh6 Rxb6 32. Rxb6 1/2-1/2

[Event "2. Bundesliga West 2005/2006"]
[Site "AUT"]
[Date "2006.01.22"]
[Round "8"]
[White "Gaertner, Guntram"]
[Black "Lickleder, Andreas"]
[Result "1-0"]
[WhiteElo "2368"]
[BlackElo "2240"]
[PlyCount "85"]
[EventDate "2005.10.??"]
[EventType "team"]
[EventRounds "11"]
[EventCountry "AUT"]
[WhiteTeam "Hohenems V"]
[BlackTeam "Inter Salzburg VIII"]
[WhiteTeamCountry "AUT"]
[BlackTeamCountry "AUT"]

1. d4 Nf6 2. c4 e6 3. Nc3 Bb4 4. Bg5 h6 5. Bh4 c5 6. d5 Bxc3+ 7. bxc3 d6 8. e3
e5 9. Qc2 Nbd7 10. Nf3 Qe7 11. Nd2 g5 12. Bg3 Nh5 13. Bd3 Kd8 14. O-O-O Ndf6
15. h3 Re8 16. Bh2 e4 17. Be2 Kc7 18. Kb2 Ng7 19. Ka1 Bf5 20. Rb1 Reb8 21. Rb2
Nge8 22. Rhb1 Kc8 23. f3 Bg6 24. f4 Nd7 25. g4 f5 26. Rf1 gxf4 27. Bxf4 fxg4
28. hxg4 Ne5 29. Bxh6 Qh4 30. Bf4 Nd3 31. Rbb1 Qe7 32. Nb3 b6 33. Nc1 Nxc1 34.
Rbxc1 a6 35. Rb1 Nc7 36. Rh1 b5 37. Rh8+ Kd7 38. Rxb8 Rxb8 39. cxb5 axb5 40.
Bxb5+ Kd8 41. Bc6 Rc8 42. Qh2 Qf6 43. Qh8+ 1-0

[Event "2. Bundesliga West 2005/2006"]
[Site "AUT"]
[Date "2006.01.22"]
[Round "8"]
[White "Gasthofer, Alexander"]
[Black "Bezold, Michael"]
[Result "1/2-1/2"]
[WhiteElo "2418"]
[BlackElo "2530"]
[PlyCount "34"]
[EventDate "2005.10.??"]
[EventType "team"]
[EventRounds "11"]
[EventCountry "AUT"]
[WhiteTeam "Inter Salzburg VIII"]
[BlackTeam "Hohenems V"]
[WhiteTeamCountry "AUT"]
[BlackTeamCountry "AUT"]

1. Nf3 d6 2. d4 Bg4 3. c4 Nd7 4. Nc3 e5 5. g3 Bxf3 6. exf3 Ngf6 7. Bg2 Be7 8.
O-O c6 9. f4 O-O 10. fxe5 dxe5 11. d5 Qc7 12. Qe2 Bc5 13. dxc6 bxc6 14. Be3
Rab8 15. Rad1 Rfe8 16. Bxc5 Nxc5 17. Rfe1 h6 1/2-1/2

[Event "2. Bundesliga West 2005/2006"]
[Site "AUT"]
[Date "2006.01.22"]
[Round "8"]
[White "Hager, Franz"]
[Black "Grabher, Heinz"]
[Result "0-1"]
[WhiteElo "2234"]
[BlackElo "2279"]
[PlyCount "66"]
[EventDate "2005.10.??"]
[EventType "team"]
[EventRounds "11"]
[EventCountry "AUT"]
[WhiteTeam "Inter Salzburg VIII"]
[BlackTeam "Hohenems V"]
[WhiteTeamCountry "AUT"]
[BlackTeamCountry "AUT"]

1. Nf3 Nc6 2. c4 e5 3. Nc3 Nf6 4. g3 Bb4 5. Bg2 O-O 6. O-O Re8 7. d3 h6 8. e4
Bc5 9. a3 a5 10. Be3 d6 11. h3 Bd7 12. Qd2 Bxe3 13. Qxe3 a4 14. Rad1 Na5 15.
Nh4 Nb3 16. f4 c5 17. Nf5 Bxf5 18. exf5 Rb8 19. g4 Nd4 20. Rf2 exf4 21. Qxf4
Re5 22. Be4 Qe7 23. Re1 Re8 24. Kg2 Qd7 25. Kh2 b5 26. Rg1 Nxe4 27. Nxe4 bxc4
28. Nf6+ gxf6 29. Qxh6 Re2 30. Rgg2 Qe7 31. Rxe2 Nxe2 32. g5 Qe5+ 33. Kh1 Ng3+
0-1